Iluminované rukopisy českého původu v polských sbírkách : teze disertace k získání vědeckého titulu "doktor věd" ve skupině věd historických /

Hlavní autor: Brodský, Pavel, 1954-2024
Jazyk: Čeština
Vydáno: [Praha] : Akademie věd České republiky, [2007]
Témata:
Fyzický popis: 33 s. ; 21 cm
Language note: Anglické resumé
Knihy
Uloženo v:
LEADER 01869nam a2200493 a 4500
001 nkc20091929918
003 CZ PrNK
005 20090626120026.0
007 ta
008 090515s2007 xr f m 000 0 cze
015 |a cnb001929918 
020 |q (Kroužková vazba) 
040 |a BOA001  |b cze 
041 0 |a cze  |b eng 
043 |a e-xr---  |a e-pl--- 
045 |a q-s- 
072 7 |a 09  |x Rukopisy, prvotisky, staré tisky. Vzácná a pozoruhodná díla  |2 Konspekt  |9 12 
080 |a 091.31  |2 MRF 
080 |a 091"04/14"  |2 MRF 
080 |a 72/76:069.5  |2 MRF 
080 |a (437.3)  |2 MRF 
080 |a (438)  |2 MRF 
080 |a (043.3)378.245  |2 MRF 
080 |a (048.3)  |2 MRF 
100 1 |a Brodský, Pavel,  |d 1954-2024  |7 jn20000400275  |4 dis 
245 1 0 |a Iluminované rukopisy českého původu v polských sbírkách :  |b teze disertace k získání vědeckého titulu "doktor věd" ve skupině věd historických /  |c Pavel Brodský 
260 |a [Praha] :  |b Akademie věd České republiky,  |c [2007] 
300 |a 33 s. ;  |c 21 cm 
500 |a Název z obálky 
500 |a Pod názvem: komise pro obhajoby doktorských disertací v oboru Dějiny a teorie umění 
502 |a Teze disertační práce (Ph.D.) 
504 |a Obsahuje bibliografii 
546 |a Anglické resumé 
648 7 |a 13.-15. století  |7 ch757055  |2 czenas 
650 0 7 |a iluminované rukopisy  |7 ph114754  |z Česko  |y 13.-15. století  |2 czenas 
650 0 7 |a středověké rukopisy  |7 ph116322  |z Polsko  |y 13.-15. století  |2 czenas 
650 0 7 |a umělecké sbírky  |7 ph135222  |z Polsko  |y 13.-15. století  |2 czenas 
655 7 |a doktorské disertace  |7 fd186751  |2 czenas 
655 7 |a teze  |7 fd133701  |2 czenas 
910 2 |a BOA001  |b 2-1222.764 
990 |a BK 
995 |a 60 
991 |b 200906 
996 6 |b 2610379767  |c 2-1222.764  |l MZK  |r Sklad / do 1 hodiny  |n 1  |p p.v.  |w 000938878  |u 000010  |a 1  |e BOA001  |j MZK50  |s P